Optical properties of inhomogeneous materials (Record no. 7064)

MARC details
000 -LEADER
fixed length control field 00693nam a2200217Ia 4500
003 - CONTROL NUMBER IDENTIFIER
control field IN-BaIIA
008 - FIXED-LENGTH DATA ELEMENTS--GENERAL INFORMATION
fixed length control field 211028s9999 xx 000 0 eng d
020 ## - INTERNATIONAL STANDARD BOOK NUMBER
International Standard Book Number 0-12-232650-4
040 ## - CATALOGING SOURCE
Transcribing agency IIA Library
080 ## - UNIVERSAL DECIMAL CLASSIFICATION NUMBER
Universal Decimal Classification number 535.5
Item number EGA
100 ## - MAIN ENTRY--PERSONAL NAME
Personal name Egan, Walter G
9 (RLIN) 12086
245 #0 - TITLE STATEMENT
Title Optical properties of inhomogeneous materials
Remainder of title applications to geology, astronomy, chemistry and engineering
Statement of responsibility, etc. Walter G Egan and theodore W Hilgeman
260 ## - PUBLICATION, DISTRIBUTION, ETC.
Place of publication, distribution, etc. New York
Name of publisher, distributor, etc. Academic Press
Date of publication, distribution, etc. 1979
300 ## - PHYSICAL DESCRIPTION
Extent xi, 235p.
650 ## - SUBJECT ADDED ENTRY--TOPICAL TERM
Topical term or geographic name entry element inhomogeneous materials
9 (RLIN) 12087
650 ## - SUBJECT ADDED ENTRY--TOPICAL TERM
Topical term or geographic name entry element NASA thesaurus
650 ## - SUBJECT ADDED ENTRY--TOPICAL TERM
Topical term or geographic name entry element Optical properties
9 (RLIN) 3730
650 ## - SUBJECT ADDED ENTRY--TOPICAL TERM
Topical term or geographic name entry element Optics
700 ## - ADDED ENTRY--PERSONAL NAME
Personal name Hilgeman, Theodore W.
9 (RLIN) 12088
942 ## - ADDED ENTRY ELEMENTS (KOHA)
Koha item type Books
Holdings
Withdrawn status Lost status Damaged status Not for loan Home library Current library Shelving location Date acquired Cost, normal purchase price Total Checkouts Full call number Barcode Date last seen Cost, replacement price Price effective from Koha item type Purchase Price
        IIA Library-Bangalore IIA Library-Bangalore General Stacks 10/05/1982 571.20   535.5/ EGA 7844 05/11/2021 571.20 10/05/1982 Books Rs. 571.20

Powered by Koha